[Event "World Corporate East C"]
[Site "Chess.com INT"]
[Date "2021.02.20"]
[Round "4.3"]
[White "Giri, Anish"]
[Black "Antonenko, Vladimir Georgievic"]
[Result "1-0"]
[WhiteElo "2764"]
[BlackElo "2391"]
[PlyCount "81"]
[EventDate "2021.02.19"]
[EventType "team (rapid)"]
[EventRounds "7"]
[EventCountry "USA"]
[SourceTitle "EXT 2022"]
[Source "ChessBase"]
[SourceDate "2021.10.06"]
[SourceVersion "1"]
[SourceVersionDate "2021.10.06"]
[SourceQuality "1"]
[WhiteTeam "Optiver"]
[BlackTeam "Tensor"]
[WhiteTeamCountry "NED"]
[BlackTeamCountry "RUS"]

1. d4 Nf6 2. Bf4 e6 3. Nf3 d5 4. e3 Bd6 5. Nbd2 Bxf4 6. exf4 c5 7. dxc5 Qa5 8. Bd3 Nbd7 9. 0-0 Nxc5 10. Nb3 Qc7 11. Nxc5 Qxc5 12. Re1 0-0 13. c3 Bd7 14. Nd4 a5 15. a4 Rfe8 16. Qd2 Rad8 17. Re2 Qc7 18. Qe3 Nh5 19. g3 Nf6 20. Qe5 Rc8 21. Qxc7 Rxc7 22. f3 Kf8 23. g4 g6 24. Bc2 Rb8 25. Kf2 b5 26. axb5 Bxb5 27. Rxe6 Ne8 28. Re5 Bd7 29. Ra2 Rc5 30. Kg3 Nc7 31. f5 f6 32. Re2 g5 33. h4 h6 34. hxg5 hxg5 35. f4 gxf4+ 36. Kxf4 Kf7 37. Rh2 Kg7 38. g5 fxg5+ 39. Kxg5 Rb6 40. f6+ Rxf6 41. Rh7+ 1-0

[Event "World Corporate East C"]
[Site "Chess.com INT"]
[Date "2021.02.20"]
[Round "6.2"]
[White "Rozhkov, Viacheslav"]
[Black "Antonenko, Vladimir Georgievic"]
[Result "1-0"]
[WhiteElo "2239"]
[BlackElo "2391"]
[PlyCount "97"]
[EventDate "2021.02.19"]
[EventType "team (rapid)"]
[EventRounds "7"]
[EventCountry "USA"]
[SourceTitle "EXT 2022"]
[Source "ChessBase"]
[SourceDate "2021.10.06"]
[SourceVersion "1"]
[SourceVersionDate "2021.10.06"]
[SourceQuality "1"]
[WhiteTeam "Gazprom"]
[BlackTeam "Tensor"]
[WhiteTeamCountry "RUS"]
[BlackTeamCountry "RUS"]

1. e4 c5 2. Nf3 Nc6 3. d4 cxd4 4. Nxd4 e6 5. Nc3 Qc7 6. g3 a6 7. Bg2 d6 8. 0-0 Be7 9. Be3 Nf6 10. f4 0-0 11. Nb3 b5 12. g4 b4 13. Na4 d5 14. exd5 exd5 15. g5 Bg4 16. Qe1 Ne4 17. Nb6 Rad8 18. Nxd5 Rxd5 19. Bxe4 Rd6 20. Qh4 h5 21. h3 Re6 22. Nd2 Rxe4 23. Nxe4 Bf5 24. Ng3 Bxc2 25. Rfc1 Bd3 26. Qxh5 Re8 27. Qf3 Bb5 28. a4 bxa3 29. bxa3 Ba4 30. Qe4 Qa5 31. Rxc6 Bxc6 32. Qxc6 Rb8 33. Qe4 Bf8 34. Rf1 Qxa3 35. g6 fxg6 36. Qe6+ Kh7 37. f5 gxf5 38. Qxf5+ Kh8 39. Bf4 Rd8 40. Be5 Qc5+ 41. Kh1 Qc6+ 42. Qf3 Qe6 43. Qh5+ Kg8 44. Qf5 Qc6+ 45. Qf3 Qe6 46. Ba1 Re8 47. Nf5 Qg6 48. Rg1 Qh6 49. Nxh6+ 1-0

[Event "RUS-chT2"]
[Site "Sochi"]
[Date "2019.05.08"]
[Round "7.1"]
[White "Antonenko, Vladimir Georgievic"]
[Black "Smirnov, Timofey"]
[Result "1-0"]
[WhiteElo "2387"]
[BlackElo "2354"]
[PlyCount "57"]
[EventDate "2019.05.01"]
[EventType "team-swiss"]
[EventRounds "9"]
[EventCountry "RUS"]
[SourceTitle "CBM 190 Extra"]
[Source "ChessBase"]
[SourceDate "2019.07.15"]
[SourceVersion "1"]
[SourceVersionDate "2019.07.15"]
[SourceQuality "1"]
[WhiteTeam "Novosibirsk Region"]
[BlackTeam "Moscow Summer Sports"]
[WhiteTeamCountry "RUS"]
[BlackTeamCountry "RUS"]

1. d4 d5 2. c4 c6 3. Nf3 Nf6 4. Nc3 dxc4 5. a4 e6 6. e3 c5 7. Bxc4 Nc6 8. 0-0 cxd4 9. Nxd4 Bd7 10. e4 Nxd4 11. Qxd4 Bc6 12. Qe3 Bb4 13. e5 Nd7 14. Qg3 Qa5 15. Nb5 g6 16. Bh6 a6 17. Nd6+ Bxd6 18. exd6 0-0-0 19. b4 Qxb4 20. Rfc1 Nc5 21. Qf4 Ne4 22. Qxf7 Nxd6 23. Qxe6+ Kb8 24. Rab1 Qc5 25. Ba2 Qa3 26. Rxc6 Rhe8 27. Qd5 Nb5 28. Bf4+ Ka7 29. Qc5+ 1-0

[Event "RUS-chT2"]
[Site "Sochi"]
[Date "2019.05.04"]
[Round "4.1"]
[White "Antonenko, Vladimir Georgievic"]
[Black "Musalov, Ruslan"]
[Result "1-0"]
[WhiteElo "2387"]
[BlackElo "2338"]
[PlyCount "71"]
[EventDate "2019.05.01"]
[EventType "team-swiss"]
[EventRounds "9"]
[EventCountry "RUS"]
[SourceTitle "CBM 190 Extra"]
[Source "ChessBase"]
[SourceDate "2019.07.15"]
[SourceVersion "1"]
[SourceVersionDate "2019.07.15"]
[SourceQuality "1"]
[WhiteTeam "Novosibirsk Region"]
[BlackTeam "Dagestan"]
[WhiteTeamCountry "RUS"]
[BlackTeamCountry "RUS"]

1. d4 d5 2. c4 dxc4 3. Nf3 Nf6 4. e3 e6 5. Bxc4 c5 6. 0-0 Nc6 7. Qe2 a6 8. Nc3 b5 9. Bb3 Be7 10. dxc5 Bxc5 11. e4 e5 12. Be3 Nd4 13. Bxd4 Bxd4 14. Nxd4 Qxd4 15. Rfd1 Bg4 16. Rxd4 Bxe2 17. Rd6 Ke7 18. Rxf6 Kxf6 19. Nxe2 Rhd8 20. Bd5 Rac8 21. Nc3 b4 22. Nd1 Rc5 23. b3 Kg5 24. Ne3 f5 25. f3 Rc3 26. Re1 f4 27. Nc4 Kf6 28. h4 g6 29. Ra1 g5 30. hxg5+ Kxg5 31. Nxe5 Kh4 32. Kh2 Re3 33. Nc6 Rf8 34. Nxb4 Rf6 35. Bc4 Rh6 36. Nd5 1-0

[Event "RUS-chT2"]
[Site "Sochi"]
[Date "2019.05.01"]
[Round "1.1"]
[White "Antonenko, Vladimir Georgievic"]
[Black "Garifullina, Leya"]
[Result "1-0"]
[WhiteElo "2387"]
[BlackElo "2251"]
[PlyCount "115"]
[EventDate "2019.05.01"]
[EventType "team-swiss"]
[EventRounds "9"]
[EventCountry "RUS"]
[SourceTitle "CBM 190 Extra"]
[Source "ChessBase"]
[SourceDate "2019.07.15"]
[SourceVersion "1"]
[SourceVersionDate "2019.07.15"]
[SourceQuality "1"]
[WhiteTeam "Novosibirsk Region"]
[BlackTeam "Ural Karpov Academy"]
[WhiteTeamCountry "RUS"]
[BlackTeamCountry "RUS"]

1. d4 Nf6 2. c4 e6 3. g3 d5 4. Nf3 Be7 5. Bg2 0-0 6. 0-0 Nbd7 7. Qc2 c6 8. Nbd2 b6 9. e4 dxc4 10. Nxc4 Bb7 11. Bf4 c5 12. Rfe1 cxd4 13. Nd6 Bxd6 14. Bxd6 d3 15. Qxd3 Bxe4 16. Qd4 e5 17. Qa4 Re8 18. Rad1 Bxf3 19. Bxf3 e4 20. Bxe4 Nxe4 21. Rxe4 Rxe4 22. Qxe4 Nc5 23. Qg4 Ne6 24. f4 b5 25. f5 Qb6+ 26. Kg2 Nf8 27. Qd4 Nd7 28. Bb4 Qxd4 29. Rxd4 Ne5 30. Rd5 Nc4 31. Rxb5 Nxb2 32. Bc5 Nc4 33. Bxa7 Kf8 34. Rb8+ Rxb8 35. Bxb8 Ke7 36. Kf3 Kd7 37. Ke4 Kc6 38. Kd4 Nb6 39. Be5 g6 40. fxg6 fxg6 41. Bf4 Nd7 42. h4 Kb5 43. Kd5 Nc5 44. Ke5 Kc6 45. Kf6 Kd5 46. Kg7 Ke6 47. Kxh7 Kf7 48. a3 Na4 49. Bd6 Nc3 50. Be5 Ne4 51. Kh6 Ke6 52. Bf4 Kf6 53. a4 Nc5 54. a5 Na6 55. Bd6 Kf7 56. g4 Kf6 57. g5+ Kf7 58. Kh7 1-0

[Event "RUS-chT2"]
[Site "Sochi"]
[Date "2018.05.08"]
[Round "7.4"]
[White "Nikolenko, Oleg"]
[Black "Antonenko, Vladimir Georgievic"]
[Result "1/2-1/2"]
[WhiteElo "2480"]
[BlackElo "2343"]
[PlyCount "108"]
[EventDate "2018.05.01"]
[EventType "team-swiss"]
[EventRounds "9"]
[EventCountry "RUS"]
[SourceTitle "CBM 184 Extra"]
[Source "ChessBase"]
[SourceDate "2018.06.28"]
[SourceVersion "1"]
[SourceVersionDate "2018.06.28"]
[SourceQuality "1"]
[WhiteTeam "Moscow Automatics"]
[BlackTeam "Novosibirsk Region"]
[WhiteTeamCountry "RUS"]
[BlackTeamCountry "RUS"]

1. e4 c5 2. Nf3 Nc6 3. d4 cxd4 4. Nxd4 e6 5. Nc3 Qc7 6. g3 a6 7. Bg2 d6 8. 0-0 Be7 9. Re1 Bd7 10. Nxc6 Bxc6 11. a4 Nf6 12. a5 Rc8 13. Be3 0-0 14. Bb6 Qb8 15. Nd5 exd5 16. exd5 Nxd5 17. Bxd5 Bxd5 18. Qxd5 Bf6 19. c3 Rfe8 20. Rad1 Rc6 21. Re4 Rxe4 22. Qxe4 Qc8 23. Re1 g6 24. Qe8+ Kg7 25. Qxc8 Rxc8 26. Rd1 Rc6 27. Kg2 Kf8 28. Re1 Be7 29. Kf3 Ke8 30. Ke4 Bd8 31. Kd4+ Kd7 32. Bxd8 Kxd8 33. b4 Kd7 34. c4 h5 35. Kd5 Rc8 36. Re4 Rb8 37. Rf4 f5 38. Rf3 Rf8 39. h4 Re8 40. Re3 Rxe3 41. fxe3 Ke7 42. c5 dxc5 43. Kxc5 Kd7 44. Kd5 Kc7 45. Kc5 Kd7 46. Kb6 Kc8 47. b5 axb5 48. Kxb5 Kb8 49. Kc4 Ka7 50. Kb5 Kb8 51. Kb6 Kc8 52. Kc5 Kc7 53. Kd5 Kd7 54. Ke5 Ke7 1/2-1/2

[Event "Pavlodar Nikitin Memorial"]
[Site "Pavlodar"]
[Date "2018.01.21"]
[Round "2"]
[White "Antonenko, Vladimir Georgievic"]
[Black "Agmanov, Zhandos"]
[Result "1/2-1/2"]
[WhiteElo "2330"]
[BlackElo "2390"]
[PlyCount "92"]
[EventDate "2018.01.20"]
[EventType "tourn"]
[EventRounds "9"]
[EventCountry "KAZ"]
[EventCategory "4"]
[SourceTitle "CBM 182 Extra"]
[Source "ChessBase"]
[SourceDate "2018.02.23"]
[SourceVersion "1"]
[SourceVersionDate "2018.02.23"]
[SourceQuality "1"]

1. d4 Nf6 2. c4 e6 3. Nf3 Bb4+ 4. Bd2 Be7 5. g3 0-0 6. Bg2 d5 7. 0-0 Nbd7 8. Qc2 c6 9. Bf4 a5 10. Rd1 b5 11. c5 Nh5 12. Nbd2 f5 13. Ne5 Nxf4 14. gxf4 Nxe5 15. dxe5 g5 16. fxg5 Bxg5 17. Nf3 Bh6 18. Kh1 Kh8 19. Rd4 Rg8 20. Rg1 Bd7 21. Rh4 Rg6 22. Rh3 Qf8 23. Bf1 Rxg1+ 24. Kxg1 b4 25. Kh1 Qg7 26. Qd3 f4 27. Rh4 Be8 28. Qd4 Bg6 29. Bh3 Re8 30. Rg4 Qe7 31. Rg1 Be4 32. Bg2 Rg8 33. Ne1 Qg5 34. f3 Bf5 35. Nd3 Qh4 36. Nf2 Qh5 37. Nd3 Bxd3 38. exd3 Bg7 39. Re1 Rf8 40. a3 Rf5 41. axb4 Rxe5 42. Qf2 axb4 43. Ra1 Bf6 44. Qd2 Re3 45. Qxb4 Qe5 46. d4 Qc7 1/2-1/2

[Event "RUS-chT blitz"]
[Site "Sochi"]
[Date "2017.10.05"]
[Round "11"]
[White "Antonenko, Vladimir Georgievic"]
[Black "Andreikin, Dmitry"]
[Result "0-1"]
[WhiteElo "2330"]
[BlackElo "2705"]
[PlyCount "70"]
[EventDate "2017.10.05"]
[EventType "team-swiss (blitz)"]
[EventRounds "15"]
[EventCountry "RUS"]
[SourceTitle "CBM 181 Extra"]
[Source "ChessBase"]
[SourceDate "2017.12.12"]
[SourceVersion "1"]
[SourceVersionDate "2017.12.12"]
[SourceQuality "1"]
[WhiteTeam "Novosibirsk Technical Univ"]
[BlackTeam "Urals Sima Land"]
[WhiteTeamCountry "RUS"]
[BlackTeamCountry "RUS"]

1. d4 d5 2. c4 c6 3. Nf3 Nf6 4. Nc3 a6 5. cxd5 cxd5 6. Bf4 Nc6 7. e3 Bg4 8. Be2 e6 9. Ne5 Bxe2 10. Qxe2 Rc8 11. 0-0 Nxe5 12. Bxe5 Nd7 13. Bg3 Be7 14. Rac1 0-0 15. Rc2 Qa5 16. Rfc1 Rc6 17. f3 Rfc8 18. Be1 Qc7 19. Bg3 Qa5 20. Be1 Bd6 21. Bg3 Bb4 22. Be1 Nb6 23. Bf2 Bxc3 24. Rxc3 Rxc3 25. bxc3 Rxc3 26. Rb1 Rc6 27. Be1 Qa4 28. Rb3 h6 29. h4 Qc4 30. Qb2 Na4 31. Qa3 b5 32. Qe7 Qc1 33. Kh2 Rc2 34. Bb4 Qf1 35. Qe8+ Kh7 0-1

[Event "RUS-chT blitz"]
[Site "Sochi"]
[Date "2017.10.05"]
[Round "4"]
[White "Iljin, Timofey"]
[Black "Antonenko, Vladimir Georgievic"]
[Result "1/2-1/2"]
[WhiteElo "2305"]
[BlackElo "2330"]
[PlyCount "220"]
[EventDate "2017.10.05"]
[EventType "team-swiss (blitz)"]
[EventRounds "15"]
[EventCountry "RUS"]
[SourceTitle "CBM 181 Extra"]
[Source "ChessBase"]
[SourceDate "2017.12.12"]
[SourceVersion "1"]
[SourceVersionDate "2017.12.12"]
[SourceQuality "1"]
[WhiteTeam "Our Crimea Republic of Crimea"]
[BlackTeam "Novosibirsk Technical Univ"]
[WhiteTeamCountry "RUS"]
[BlackTeamCountry "RUS"]

1. d4 Nf6 2. c4 e6 3. Nc3 d5 4. cxd5 exd5 5. Bg5 c6 6. Qc2 Nbd7 7. e3 Bd6 8. Bd3 h6 9. Bh4 0-0 10. Nge2 Re8 11. Bh7+ Kh8 12. Bf5 Nb6 13. 0-0 Be7 14. Bd3 Bd6 15. Bf5 Nc4 16. b3 Nb6 17. Rad1 Bd7 18. Rfe1 Rc8 19. Qd3 Rc7 20. a4 a5 21. Bg3 Nc8 22. Nf4 Bxf5 23. Qxf5 g6 24. Qh3 Kg7 25. Nd3 Bxg3 26. Qxg3 Nd6 27. Ne5 Nde4 28. Nxe4 Nxe4 29. Qf3 f6 30. Nd3 Qd6 31. h4 g5 32. h5 Qe6 33. Rc1 Rf7 34. Qe2 Nd6 35. Nc5 Qf5 36. Qd2 Ra8 37. f3 g4 38. e4 dxe4 39. fxe4 Qxh5 40. Ne6+ Kh8 41. Qf4 Ne8 42. Rc5 Qg6 43. Rf5 Ng7 44. Nxg7 Kxg7 45. Rf1 h5 46. e5 Raf8 47. e6 Re7 48. Qd6 Rfe8 49. Rxf6 Qxf6 50. Rxf6 Kxf6 51. Qe5+ Kg6 52. Qe4+ Kg7 53. Qe5+ Kg6 54. Qe4+ Kh6 55. Qf4+ Kg6 56. Qe4+ Kg7 57. Qe5+ Kg6 58. Qe4+ Kg7 59. Qe5+ Kg6 60. Qe4+ Kg7 61. Qe5+ Kg6 62. Qe4+ Kg7 63. Qe5+ Kg6 64. Qe4+ Kg7 65. d5 cxd5 66. Qxd5 Kg6 67. Qe4+ Kg7 68. Qe5+ Kg6 69. Qe4+ Kg7 70. Qd4+ Kg6 71. Qd3+ Kg7 72. Qc3+ Kg6 73. Qd3+ Kf6 74. Qc3+ Kg6 75. Qc2+ Kg5 76. Qc5+ Kg6 77. Qc2+ Kg5 78. Qd2+ Kg6 79. Qd3+ Kg5 80. Qd5+ Kg6 81. Qe4+ Kg5 82. Qe3+ Kg6 83. Qd3+ Kg5 84. Qd5+ Kg6 85. Qd3+ Kg5 86. Qd2+ Kg6 87. Qc2+ Kg5 88. Qc1+ Kg6 89. Qc2+ Kg5 90. Qd2+ Kg6 91. Qd3+ Kg5 92. Qe3+ Kg6 93. Qe4+ Kg5 94. Qe5+ Kg6 95. Qe4+ Kg5 96. Qd5+ Kg6 97. Qd3+ Kg5 98. Qb5+ Kg6 99. Qd3+ Kg5 100. Qd2+ Kg6 101. Qc2+ Kg5 102. Qc1+ Kg6 103. Qc2+ Kg5 104. Qd2+ Kg6 105. Qd3+ Kg5 106. Qe3+ Kg6 107. Qe4+ Kg5 108. Qd5+ Kg6 109. Qd3+ Kg5 110. Qd2+ Kg6 1/2-1/2

[Event "RUS-chT blitz"]
[Site "Sochi"]
[Date "2017.10.05"]
[Round "14"]
[White "Morozevich, Alexander"]
[Black "Antonenko, Vladimir Georgievic"]
[Result "1-0"]
[WhiteElo "2665"]
[BlackElo "2330"]
[PlyCount "48"]
[EventDate "2017.10.05"]
[EventType "team-swiss (blitz)"]
[EventRounds "15"]
[EventCountry "RUS"]
[SourceTitle "CBM 181 Extra"]
[Source "ChessBase"]
[SourceDate "2017.12.12"]
[SourceVersion "1"]
[SourceVersionDate "2017.12.12"]
[SourceQuality "1"]
[WhiteTeam "Moscow Fighters for the Idea"]
[BlackTeam "Novosibirsk Technical Univ"]
[WhiteTeamCountry "RUS"]
[BlackTeamCountry "RUS"]

1. e4 d6 2. Nc3 Nf6 3. f4 g6 4. Nf3 Bg7 5. d4 c5 6. dxc5 Qa5 7. Qd4 dxc5 8. Qc4 Be6 9. Qb5+ Qxb5 10. Bxb5+ Nfd7 11. Ng5 a6 12. Nxe6 fxe6 13. Bc4 Nf8 14. e5 g5 15. fxg5 Bxe5 16. Ne4 Nbd7 17. c3 b5 18. Be2 Ng6 19. g3 b4 20. 0-0 Rf8 21. Rd1 bxc3 22. bxc3 a5 23. Rb1 Rd8 24. Bb5 Bc7 1-0